000 00462nam a22001217a 4500
082 _a220 PRO
100 _aGC BILAL MAHSOOD GC HAROON UR RASHID GC HASSAN RABBANI
_970767
245 _aPR-SOF-1512-DESIGN AND FABRICATION OF A PRECISION CUTTING MACHINE WITH A AUTONOMOUS CUTTING FLUID SUPPLY
260 _aISLAMABAD
_bNUST COLLEGE OF EME
_c2016
650 _a DE-MECH-34
_970768
700 _aSUPERVISOR COL DR KHALID MAHMOOD LEC MANSOOR GHAZI
_970769
942 _cCR
999 _c577649
_d577649